Reglamento interior de la Diputación Provincial de Lérida : aprobado en sesión de 28 de Abril de 1905 aprobado en sesión de 28 de Abril de 1905
Descripción Física:
67 p. ; 21 cm
MARC
| LEADER | 00000nam a2200000Ia 4500 | ||
|---|---|---|---|
| 001 | 19975 | ||
| 008 | 160829s1905 xx 000 0 cat d | ||
| 080 | |a M-5-510 | ||
| 110 | 1 | |9 52948 |a Lleida (Catalunya : Província). |b Diputació | |
| 245 | |a Reglamento interior de la Diputación Provincial de Lérida : |b aprobado en sesión de 28 de Abril de 1905 | ||
| 260 | |a Lérida : |b Tipografía de la Casa de Misericordia, |c 1905 | ||
| 300 | |a 67 p. ; |c 21 cm | ||
| 590 | |a Prové de 2973, exp. 17 | ||
| 610 | 1 | 0 | |a Lleida (Catalunya : Província). |b Diputació |9 52948 |
| 610 | 1 | 0 | |a Lleida (Catalunya : Província). |b Diputació |x Reglament i procediments |9 54031 |
| 901 | |a Arxiu | ||
| 942 | |n 1 |2 udc | ||
| 952 | |0 0 |1 0 |4 0 |6 M5510 |7 1 |9 53913 |a Arxiu |b Arxiu |d 2016-12-01 |l 0 |o M-5-510 |p 19975 |r 2016-12-01 00:00:00 |w 2016-12-01 |y ARXIU | ||
| 999 | |c 57780 |d 57780 | ||